MDQL
is popping MORE tags! Check the
thread
!
Quizzes
Events
Quiz Creation
Community
Videos
Private Events
Remove Ads
Sign In
Join for FREE
Feedback
Dark Mode
Quiz Categories
Sports
Geography
Music
Movies
Television
Just For Fun
Miscellaneous
History
Literature
Language
Science
Gaming
Entertainment
Religion
Holiday
For Kids
Quiz Lab
Recent
Popular Today
Quiz Kudos Today
Editor Picks
Curator Picks
Quizzes by...
Day
Popularity
Type
Ratings
Length
Year
Community
Subscriptions
Recent Discussions
Orange Saloon
Badges
Playlists
Quests
Create
Leaderboards
Showdown
Live 5
Trivia Bingo
Activity
Puzzle Library
Sporcle Events
Private Events
Virtual Trivia
Globe League
Become a Host
Pub Owners
SporcleCon
Opinionation
Our Games
Videos
Blog
Mobile Apps
Partnerships
Remove Ads and Go Orange
Feedback
Sports
Athletes
MLB
NBA
NHL
NFL
Soccer
Sports Teams
WWE
NCAA
Football
Premier League
Basketball
Baseball
Hockey
Golf
Tennis
Cricket
Rugby
Auto Racing
Olympics
World Cup
Sports
Athletes
MLB
NBA
NHL
NFL
Soccer
Sports Teams
WWE
NCAA
Football
Premier League
Basketball
Baseball
Hockey
Golf
Tennis
Cricket
Rugby
Auto Racing
Olympics
World Cup
Random Quiz
Search Sporcle
×
Quiz Lab
Quiz Lab
Sports
Football
Type in answers that appear in a list
Type in answers that appear in a list
Classic
Best Score? Go Orange.
Tight Ends: TD catches (since 2005) Stats
Can you name the Top Ten Yearly Touchdown Reception Leaders for tight ends since 2005?
By
cdhmiamifan13
5m
67 Questions
7,213 Plays
7,213 Plays
7,213 Plays
Comments
Comments
Give Quiz Kudos
Give Quiz Kudos
-
- Ratings
hide this ad
Replay
Link that replays current quiz
Next Quiz
Link to next quiz in quiz playlist
You Got
0%
They Got
Avg Score
61%
Avg Friend Score
Upgrade to see
Score Distribution
Jump to the score distribution portion of the page
Score
0/67
Timer
05:00
0
Plays Today
Year
Tight End
% Correct
2010
Tony Gonzalez
94.4%
2009
Tony Gonzalez
94.4%
2006
Tony Gonzalez
94.4%
2008
Tony Gonzalez
94.4%
2007
Tony Gonzalez
94.4%
2010
Antonio Gates
92.1%
2009
Antonio Gates
92.1%
2008
Antonio Gates
92.1%
2006
Antonio Gates
91.8%
2005
Antonio Gates
91.8%
2007
Antonio Gates
91.8%
2010
Jason Witten
84.9%
2008
Jason Witten
84.9%
2005
Jason Witten
84.7%
2007
Jason Witten
84.7%
2010
Rob Gronkowski
82.3%
2010
Vernon Davis
77.6%
2009
Vernon Davis
77.6%
2009
Fred Davis
77.3%
2009
Dallas Clark
77.2%
2008
Dallas Clark
77.2%
2005
Dallas Clark
76.9%
2007
Dallas Clark
76.8%
2006
Desmond Clark
76.4%
2009
Heath Miller
73.7%
2010
Zach Miller
73.5%
2006
Heath Miller
73.3%
2005
Heath Miller
73.3%
2007
Heath Miller
73.2%
2006
Jeremy Shockey
72%
2005
Jeremy Shockey
72%
2010
Aaron Hernandez
70.2%
2008
Daniel Graham
68.6%
2009
Todd Heap
64.4%
Year
Tight End
% Correct
2006
Todd Heap
63.9%
2005
Todd Heap
63.9%
2010
Kellen Winslow
62%
2007
Kellen Winslow
61.6%
2010
Greg Olsen
59.7%
2009
Greg Olsen
59.7%
2008
Greg Olsen
59.7%
2006
Chris Cooley
57%
2005
Chris Cooley
57%
2007
Chris Cooley
57%
2010
Marcedes Lewis
56.8%
2009
Brent Celek
56.6%
2006
Alge Crumpler
54.9%
2005
Alge Crumpler
54.9%
2007
Alge Crumpler
54.8%
2006
Owen Daniels
53.9%
2010
Kevin Boss
50.2%
2008
Kevin Boss
50.2%
2006
L.J. Smith
47.7%
2009
Visanthe Shiancoe
46.8%
2008
Visanthe Shiancoe
46.8%
2005
Ben Watson
43.4%
2007
Ben Watson
43.4%
2008
Anthony Fasano
32.8%
2007
Tony Scheffler
24.5%
2005
Randy McMichael
21.4%
2008
Donald Lee
19.8%
2007
Donald Lee
19.5%
2009
John Carlson
19.4%
2008
John Carlson
19.4%
2005
Jerramy Stevens
13.6%
2007
Leonard Pope
13.2%
2005
Ben Troupe
3.2%
Quiz Playlist
Details
Report
Send in Message
Add To Playlist
Classic:
Type in answers that appear in a list
Quiz Source
Last Updated: Sep 2, 2017
Quiz Scoreboard
CHALLENGE
Sign Up to Join the Scoreboard
Show All
Scores
Hide
Comments
May contain spoilers
Recently Published
Image Sorting: Flags VI
by Barbecue
Geography
2m
Find the 'City' Movie
by crazypaving
Movies
60s
Colored Red Africa Blitz
by spor1
Geography
45s
More to Explore
Quiz From the Vault
Featured Blog Post
14 Easter Pick-up Lines to Find Eggs With
hide this ad
You Might Also Like...
Tags
Football Quiz
NFL Quiz
end
Receiving
Receiving Leaders
Receiving Touchdowns
TD Leaders
tight
Tight Ends
Top 10
Today's Top Quizzes in Sports
Browse Sports
hide this ad
Today's Top Quizzes in Football
Browse Football
Top Contributed Quizzes in Sports
1
Les meilleurs buteurs des matchs entre le PSG et l’OM
2
Les entraîneurs de l'OM et du PSG au 21e siècle
3
Les joueurs passés par le PSG et l'OM
4
2022 World Cup Stars
5
Players with Multiple 50 Home Run Seasons
6
Criteria MLB: Left Handed Sluggers
7
Les joueurs passés par le LOSC et le RC Lens
8
NBA Logic Puzzle 2.0
9
MLB Players with Two .350 Batting Average Seasons
10
FIFA Club World Cup Champions
Explore More
Trending Topics
Crossword
Harry Potter
Disney
Marvel
NBA
Anime
Kpop
Soccer
Puzzle
WWE
Song
NFL
Pokémon
The Office
Country
hide this ad
More By:
cdhmiamifan13
Quiz
Plays
Rating
Category
Featured
Created
NFL Top 10 Receiving Yards, 2000s & 2010s
184,508
4.47
Sports
Aug 13, 2011
NFL Rushing Leaders (Last 20 Seasons)
177,066
4.35
Sports
Jul 19, 2011
NFL Franchise Yards Leaders
165,252
4.60
Sports
Mar 3, 2011
NFL Rushing QBs, Last 20 Seasons
153,876
4.55
Sports
Feb 13, 2011
NFL Passing Leaders (2000s)
139,531
4.42
Sports
Nov 2, 2011
Go to Creator's Profile
Score Distribution
Quiz Creator Spotlight
cdhmiamifan13
Follow
Send a Message
Quizzes Created
-
Created Quiz Play Count
-
More By This Creator
Popular Quizzes Today
1
Colored Red Africa Blitz
2
Find the US States - No Outlines Minefield
3
Find the 'City' Movie
4
5x2 Blitz: Bands
5
The Countries of the World
6
Find the US States
7
Find the Countries of Europe - No Outlines Minefield
8
US States
More Sports Quizzes
Every player during the Orioles' rebuild
Quiz Lab
Trending Quizzes
Colored Red Europe Blitz I
Colored Red Europe Blitz II
Colored Red Africa Blitz II
Colored Red Europe Blitz III
Colored Red Africa Blitz III
Recently Updated
How Do You Spell That?
pecheneg
Godzilla Movies
pecheneg
Grab Bag: 4-10 Letters
pecheneg
2024 March Madness Bracket
pecheneg
Famous TV Couples
Peacemaker
Champions League XIs: Real Madrid
pecheneg
Largest US Cities 1790-2010
pecheneg
Rides in Walt Disney World
pecheneg
Most Oscar Losses (Acting)
pecheneg
Beyoncé Albums
pecheneg
Trending Topics
Crossword
Harry Potter
Kpop
NBA
Disney
Marvel
Anime
NFL
The Office
Country
Song
Puzzle
Pokémon
WWE
Soccer
Your Account Isn't Verified!
In order to create a playlist on Sporcle, you need to verify the email address you used during registration. Go to your
Sporcle Settings
to finish the process.
Report this User
Report this user for behavior that violates our
Community Guidelines
.
Details:
Send Report
Go to the Sporcle.com Mobile Site →
Comments